Pigments et colorants de l`antiquité et du moyen age : teinture, peinture, enluminure, études historiques et physico-chimiques

Bibliographische Detailangaben
Weitere Verfasser: Guineau, Bernard (HerausgeberIn), Centre National de la Recherche Scientifique Département des Sciences de l'Homme et de la Société (BerichterstatterIn)
Format: Buch
Sprache:French
English
Veröffentlicht: Paris : Éd. du Centre National de la Recherche Scientifique, 1990
Schlagworte:Kunst Farbe Farbenlehre Buchmalerei
Umfang:375 S.
LEADER 01000cam a2200265 c 4500
001 219324883
003 DE-627
005 20251222205437.0
007 tu
008 961202s1990 fr ||||| 00| ||fre c
020 |a 2222044014  |9 2-222-04401-4 
035 |a (DE-627)219324883 
035 |a (DE-599)GBV219324883 
035 |a (OCoLC)22628444 
040 |a DE-627  |b ger  |c DE-627  |e rakwb 
041 |a fre  |a eng 
044 |c XA-FR 
050 0 |a TP936 
082 0 |a 667/.29/09 
245 0 0 |a Pigments et colorants de l`antiquité et du moyen age  |b teinture, peinture, enluminure, études historiques et physico-chimiques  |c Colloque international du CNRS. [Commissaire général du Collque: Bernard Guineau]. 
264 1 |a Paris  |b Éd. du Centre National de la Recherche Scientifique  |c 1990 
300 |a 375 S.  |b Ill. (z. T. farb.)  |c 28 cm 
336 |a Text  |b txt  |2 rdacontent 
337 |a ohne Hilfsmittel zu benutzen  |b n  |2 rdamedia 
338 |a Band  |b nc  |2 rdacarrier 
500 |a French and English 
583 1 |a Massenentsäuerung nicht möglich  |2 pdager  |5 DE-18-308 
583 1 |a Archivierung prüfen  |c 20240324  |f DE-4165  |z 1  |2 pdager 
648 7 |a Geschichte 1140-1520  |2 gnd 
648 7 |a Geschichte  |2 gnd 
650 0 7 |0 (DE-588)4114333-4  |0 (DE-627)105822957  |0 (DE-576)209483733  |a Kunst  |2 gnd 
650 0 7 |0 (DE-588)4016443-3  |0 (DE-627)104400994  |0 (DE-576)208915974  |a Farbe  |2 gnd 
650 0 7 |0 (DE-588)4114333-4  |0 (DE-627)105822957  |0 (DE-576)209483733  |a Kunst  |2 gnd 
650 0 7 |0 (DE-588)4016443-3  |0 (DE-627)104400994  |0 (DE-576)208915974  |a Farbe  |2 gnd 
653 0 |a Pigments  |a History 
653 0 |a Dyes and dyeing  |a History 
653 0 |a Science, Medieval 
653 0 |a Science, Ancient 
700 1 |a Guineau, Bernard  |e hrsg  |4 edt 
710 2 |a Centre National de la Recherche Scientifique  |g Paris  |b Département des Sciences de l'Homme et de la Société  |0 (DE-588)5048485-0  |0 (DE-627)104005661  |0 (DE-576)193624702  |4 oth 
889 |w (DE-627)076934470 
912 |a GBV_ILN_22 
912 |a ISIL_DE-18 
912 |a SYSFLAG_1 
912 |a GBV_KXP 
912 |a GBV_ILN_22_i30809 
912 |a GBV_ILN_22_i31506 
912 |a GBV_ILN_31 
912 |a ISIL_DE-27 
912 |a GBV_ILN_120 
912 |a ISIL_DE-715 
912 |a GBV_ILN_151 
912 |a ISIL_DE-546 
912 |a GBV_ILN_181 
912 |a GBV_ILN_181_b210 
912 |a GBV_ILN_203 
912 |a GBV_ILN_203_m02207 
912 |a GBV_ILN_350 
912 |a ISIL_DE-2795 
912 |a GBV_ILN_350_ 
912 |a GBV_ILN_812 
951 |a BO 
953 |2 045F  |a 667/.29/09  |u https://www.gbv.de/dms/ddc/667.2909.pdf 
980 |2 22  |1 01  |x 0018  |b 621590312  |c 00  |f 18/308  |d KGS-Aest 889,50  |e i  |j --%%--  |y zi30809  |z 07-11-03 
980 |2 22  |1 02  |x 0018  |b 4662649323  |c 00  |f 18/315  |d MK 25 8 Col. Gui.3  |e i  |j --%%--  |y zi31506  |z 10-02-25 
980 |2 31  |1 01  |x 0027  |b 221135278  |c 00  |f Mag  |d 95 B 461  |e u  |j --%%--  |y n  |z 01-01-96 
980 |2 120  |1 01  |x 0715  |b 790322153  |c 00  |f --%%--  |d kun 056.2 CA 1946  |e u  |j --%%--  |h alma  |y z  |z 21-03-02 
980 |2 151  |1 01  |x 0546  |b 472461575  |c 00  |f LS  |d LH 60360 G964  |e g  |j --%%--  |y z  |z 26-02-01 
980 |2 181  |1 40  |x 3181/210  |b 911690093  |c 00  |f RF  |d A 68  |e g  |j --%%--  |y rb210  |z 26-11-08 
980 |2 203  |1 01  |x 3522  |b 602391709  |c 00  |f H22  |d MKGH G 3.9  |e i  |j --%%--  |y zm02207  |z 22-05-03 
980 |2 350  |1 01  |x 8293  |b 098040979  |c 00  |f MAG3  |d Jk 8030  |e i  |j --%%--  |y n  |z 17-11-92 
980 |2 812  |1 01  |x 4812/0002  |b 4188766271  |c 00  |f A  |d 61415  |e d  |j --%%--  |h ACQ  |k Nachlass Prof. Gerhard Banik  |y zA  |z 15-09-22 
982 |2 22  |1 01  |x 0018  |8 00  |a Maltechnik 
982 |2 22  |1 01  |x 0018  |8 01  |a Farbe 
982 |2 31  |1 00  |x DE-27  |8 00  |a Pigment / Geschichte 3000 v.Chr. - 1800 / Aufsatzsammlung 
982 |2 31  |1 00  |x DE-27  |8 01  |a Farbstoff / Geschichte 3000 v.Chr. - 1800 / Aufsatzsammlung 
982 |2 151  |1 00  |x DE-546  |8 00  |a Farbe 
982 |2 151  |1 00  |x DE-546  |8 01  |a Restaurierung 
982 |2 350  |1 01  |x 8293  |8 00  |a Farbenlehre 
982 |2 350  |1 01  |x 8293  |8 00  |a Buchmalerei 
982 |2 812  |1 00  |x 4812  |8 00  |a Malerei 
982 |2 812  |1 00  |x 4812  |8 01  |a Pigment 
982 |2 812  |1 00  |x 4812  |8 02  |a Kunstgeschichte 
982 |2 812  |1 00  |x 4812  |8 03  |a Altertum 
982 |2 812  |1 00  |x 4812  |8 04  |a Mittelalter 
982 |2 812  |1 00  |x 4812  |8 05  |a Banik, Gerhard [Prov.] 
983 |2 120  |1 00  |x DE-715  |8 00  |a kun 056.2 
983 |2 120  |1 00  |x DE-715  |8 01  |a che 231 
983 |2 120  |1 00  |x DE-715  |8 02  |a arc 400 
983 |2 120  |1 01  |x 0715  |8 00  |a kun 056.2 
983 |2 120  |1 01  |x 0715  |8 00  |a che 231 
983 |2 120  |1 01  |x 0715  |8 00  |a arc 400 
983 |2 151  |1 00  |x DE-546  |8 00  |a LH 60360 
983 |2 812  |1 00  |x 4812  |8 00  |a 13 Dd 2 
984 |2 22  |1 01  |x 0018  |a 087735350 
984 |2 31  |1 01  |x 0027  |a 27$010733205 
984 |2 120  |1 01  |x 0715  |a 12355067 
984 |2 151  |1 01  |x 0546  |a 00069715 
984 |2 350  |1 01  |x 8293  |a 9782222044017 
985 |2 22  |1 01  |x 0018  |a 792/1991 
985 |2 22  |1 02  |x 0018  |a 138/2025 
985 |2 31  |1 01  |x 0027  |a B95/R/21411 
985 |2 120  |1 01  |x 0715  |a CA 1946 
985 |2 181  |1 40  |x 3181/210  |a M 94/0784 
985 |2 203  |1 01  |x 3522  |a 1991.1411 
985 |2 350  |1 01  |x 8293  |a 91/0353 
985 |2 812  |1 01  |x 4812/0002  |a 61415 
995 |2 120  |1 01  |x 0715  |a alma 
995 |2 812  |1 01  |x 4812/0002  |a ACQ